Statistics for FIFA WORLD CUP 2010 Nederlands - Spain

Click here to take the quiz!

General Stats

  • This quiz has been taken 289 times
  • The average score is 11 of 30

Answer Stats

POSITIONLINE-UP% Correct
RMArjen Robben
86%
STRobin van Persie
82%
RMAndres Iniesta
72%
CMXavi
62%
RBSergio Ramos
56%
CBGerard Pique
55%
CAMWesley Sneijder
55%
STDavid Villa
51%
CDMNigel De Jong
51%
GKIker Casillas
49%
GKMaarten Stekelenburg
47%
CDMSergio Busquets
45%
LBGiovanni van Bronckhorst
41%
SubstitutionFernando Torres
36%
CoachBert van Marwijk
35%
LMDirk Kuyt
33%
CDMXabi Alonso
32%
CBCarles Puyol
29%
CBJohn Heitinga
28%
CDMMark van Bommel
28%
SubstitutionRafael van der Vaart
28%
RBGregory van der Wiel
23%
CBJoris Mathijsen
21%
LMPedro
21%
SubstitutionEljero Elia
17%
CoachVincente del Bosque
14%
SubstitutionCesc Fabregas
13%
LBJoan Capdevila
11%
SubstitutionEdson Braafheid
10%
SubstitutionJesus Navas
7%

Score Distribution

Percentile by Number Answered

Percent of People with Each Score

Your Score History

You have not taken this quiz